01817nam a2200397 a 4500001001200000003000800012006001900020007001500039008004100054020001800095020002700113040002100140035002100161043001200182050002500194100003700219245018800256250001700444260005000461300001100511500017700522533015200699600006500851630003300916650005100949651004301000655002901043700006001072700002101132700004401153700002301197710001701220730003901237856012601276999001701402ebr10567281CaPaEBRm u cr cn|||||||||120608s2009 enk s 000 0deng d z9781847600745 z9781847600639 (e-book) aCaPaEBRcCaPaEBR a(OCoLC)797832554 ae-po---14aDC233.C5bW67 2009eb1 aWordsworth, William,d1770-1850.10aWilliam Wordsworth concerning the Convention of Cintrah[electronic resource] /cedited by Richard Gravil and W.J.B. Owen ; with a critical symposium by Simon Bainbridge ... [et al.]. aCritical ed. aTirril [England] :bHumanities-Ebooks,c2009. a302 p. a"Text derived from The Prose Works of William Wordsworth, first published in 1974 by the Clarendon Press, Oxford and digitalized by Humanities-Ebooks in 2008."--T.p. verso. aElectronic reproduction.bPalo Alto, Calif. :cebrary,d2011.nAvailable via World Wide Web.nAccess may be limited to ebrary affiliated libraries.10aWordsworth, William,d1770-1850xPolitical and social views.00aConvention of Cintrad(1808) 0aPeninsular War, 1807-1814xDiplomatic history. 0aPortugalxHistoryyMaria I, 1777-1816. 7aElectronic books.2local1 aWordsworth, William,d1770-1850.tConvention of Cintra.1 aGravil, Richard.1 aOwen, W. J. B.q(Warwick Jack Burgoyne)1 aBainbridge, Simon.2 aebrary, Inc.0 aProse Works of William Wordsworth.40uhttp://site.ebrary.com/lib/rucke/Doc?id=10567281zAn electronic book accessible through the World Wide Web; click to view c93272d93272